| 000 | 00434nam a2200133Ia 4500 | ||
|---|---|---|---|
| 005 | 20210429153913.0 | ||
| 008 | 210429s9999 xx 000 0 und d | ||
| 082 | _a660 A287P | ||
| 100 |
_aAhsan, Muhammad _918993 |
||
| 245 | _aPrediction of Velocity & Mass Fraction Profiles of Solid (Catalyst), Liquid & Gas in Fluid Catalytic Cracking (FCC) Riser with CD (MS-CHE-2010 | ||
| 260 | _c2010 | ||
| 300 | _a56p.29cm. | ||
| 942 |
_2ddc _cTH |
||
| 999 |
_c561104 _d561104 |
||